000 00724nam a22002297a 4500
003 UA-OsUOA
001 79421
007 ta
008 20111109b un ||||| |||| 00| 0 ukr d
100 _aГрішнова О.
700 _aКостенко Т.
090 _a330(477)
_bГ85
942 _cSA
040 _aUA-OsUOA
_bukr
_cUA-OsUOA
_dUA-OsUOA
245 _aНові підходи до мотивації праці з урахуванням системи життєвих цінностей молоді
300 _aС.3-9
955 _a0
041 _aukr
080 _a330(477)
773 0 _w79419
_tУкраїна: аспекти праці
_dК.
_d2011
_g7
650 7 _a330 Економіка взагалі
_2UDC
999 _c365745
_d365745